000
002790000a22000970004500
100
1
_a
Smit, Dirk J.
245
1
0
_a
Living unity? On teh ecumenical movement and globalization
300
_a
Vol. 53, Num. 3 (Diciembre, 2004), Páginas 192-209
773
0
_t
Reformed World
942
_c
ANA
999
_c
55659
_d
55659